Corporate real estate and competitive strategy (Record no. 106716)

MARC details
000 -LEADER
fixed length control field 00916cam a2200217 4500
001 - CONTROL NUMBER
control field L137309
008 - FIXED-LENGTH DATA ELEMENTS--GENERAL INFORMATION
fixed length control field 070328s2007 xxk f 000 0 eng d
035 ## - SYSTEM CONTROL NUMBER
System control number (Sirsi) u137309
041 0# - LANGUAGE CODE
Language code of text/sound track or separate title eng
100 1# - MAIN ENTRY--PERSONAL NAME
Personal name Singer, Bas P.
245 00 - TITLE STATEMENT
Title Corporate real estate and competitive strategy
260 ## - PUBLICATION, DISTRIBUTION, ETC.
Date of publication, distribution, etc. 2007
490 #0 - SERIES STATEMENT
Series statement Journal of Corporate Real Estate
Volume/sequential designation 9(1) 2007, 25-38(12)
520 ## - SUMMARY, ETC.
Summary, etc. Discusses the ways in which a standardisation real estate strategy supports competitive strategies, including lowest costs, differentiation and focus strategies. Reports that a value-based real estate strategy supports a competitive strategy of differentiation and differentiation-focus.
590 ## - LOCAL NOTE (RLIN)
Local note KA
651 #4 - SUBJECT ADDED ENTRY--GEOGRAPHIC NAME
Geographic name International
690 ## - LOCAL SUBJECT ADDED ENTRY--TOPICAL TERM (OCLC, RLIN)
Topical term or geographic name as entry element PROPERTY-COMMERCIAL PROPERTY-CORPORATE REAL ESTATE-CORPORATE REAL ESTATE MANAGEMENT
700 1# - ADDED ENTRY--PERSONAL NAME
Personal name Bossink, Bart A.G.
700 1# - ADDED ENTRY--PERSONAL NAME
Personal name Vande Putte, Herman J.M.
942 ## - ADDED ENTRY ELEMENTS (KOHA)
Suppress in OPAC 0
Holdings
Withdrawn status Lost status Source of classification or shelving scheme Damaged status Not for loan Home library Current library Shelving location Date acquired Total Checkouts Full call number Barcode Date last seen Copy number Price effective from Koha item type
    Dewey Decimal Classification     London London Books 28/03/2007   L137309 137309-1001 06/08/2019 1 06/08/2019 Book